000 00203 a2200097 4500
001 121926
040 _cEscola Canadense de Niteroi
090 _aMP
245 1 0 _aStory Organizers Ela Centers
942 _cBK
999 _c121926
_d121926